[Event "15th Reykjavik op"]
[Site "Reykjavik ISL"]
[Date "1992.??.??"]
[Round "6"]
[White "Arnason, Jon"]
[Black "Petursson, Margeir"]
[WhiteElo "2515"]
[BlackElo "2555"]
[Result "1-0"]
[EventDate "1992.03.01"]
[PlyCount "91"]

1.e4 c5 2.Nf3 d6 3.d4 cxd4 4.Nxd4 Nf6 5.Nc3 g6 6.Be3 Bg7 7.f3 Nc6 8.Bc4 
O-O 9.Qe2 Na5 ( 9...Bd7 10.O-O-O Ne5 11.Bb3 Rc8 12.g4 Rxc3 13.bxc3 Qa5 14.
Bd2 Rc8 15.g5 $16 {Arnason,J-Yrjola,J Helsinki Opybank 1991} ) 10.Bd3 Nc6 
( 10...e5 11.Nb3 Be6 $10 ) 11.O-O-O d5 {N} ( 11...Nxd4 12.Bxd4 Be6 13.Bc4 
Bxc4 14.Qxc4 e6 $16 {Keres,P-Lombardy,W Wijk I 1969} ) 12.Bb5 $1 Bd7 ( 
12...Nxd4 13.Bxd4 Qa5 14.exd5 $16 ) 13.exd5 Nb4 ( 13...Nxd4 14.Bxd4 Bxb5 
15.Qxb5 $16 ) 14.Bc4 Rc8 15.a3 ( 15.Bb3 Rxc3 16.bxc3 Nbxd5 $44 ) 15...b5 
16.Bb3 Rxc3 17.axb4 Rxb3 ( 17...Rc8 18.Ne6 $18 ) 18.Nxb3 $18 Qa8 19.d6 
exd6 20.Rxd6 Re8 21.Qd2 Be6 22.Nc5 Bf8 23.Ra6 Qc8 24.Rxa7 Bc4 25.b3 Be6 
26.Bd4 Rd8 27.Qe3 Bh6 28.Qxh6 Rxd4 29.Re1 Bd5 30.c3 Qb8 31.Nd7 Nxd7 32.
cxd4 Bxb3 33.Kb2 Nf6 34.Rea1 Bd5 35.Qg5 Qd6 36.Qd2 Nd7 37.Qc3 Nb6 38.Qc5 
Qf4 39.Rc1 Qd2+ 40.Rc2 Qd3 41.Ra8+ Kg7 42.Qf8+ Kf6 43.Qh8+ Kg5 44.h4+ Kxh4
45.Qf6+ g5 46.Qh6+ {Boensch} 1-0

[Event "15th Reykjavik op"]
[Site "Reykjavik ISL"]
[Date "1992.??.??"]
[Round "6"]
[White "Kotronias, Vasilios"]
[Black "Renet, Olivier"]
[WhiteElo "2560"]
[BlackElo "2495"]
[Result "1/2-1/2"]
[EventDate "1992.03.01"]
[PlyCount "86"]

1.e4 c5 2.Nf3 d6 3.d4 cxd4 4.Nxd4 Nf6 5.Nc3 Nc6 6.Be2 e5 7.Nf3 Be7 8.O-O 
O-O 9.Bg5 Be6 10.Bxf6 Bxf6 11.Nd5 Bxd5 12.Qxd5 Qc7 13.c3 Ne7 14.Qb3 Qc6 
15.Nd2 Bg5 16.Bb5 Qc7 17.Nf3 Bh6 18.Rad1 Rad8 19.Bc4 g6 20.g3 Kg7 21.Nh4 
f5 22.exf5 gxf5 23.Bd5 b6 24.Qc2 Rf6 25.Qe2 Qc5 26.c4 Ng6 27.Ng2 e4 28.Kh1
Ne5 29.f4 exf3 30.Rxf3 Rdf8 31.Rff1 Kh8 32.Nf4 Bxf4 33.gxf4 Ng4 34.Rd3 Rh6
35.h3 Qc7 36.Qe1 Qg7 37.Qc3 Re8 38.Qxg7+ Kxg7 39.Rg3 Kf8 40.Kg1 Nf6 41.Bg2
Re2 42.Rf2 Re1+ 43.Rf1 Re2 1/2-1/2

[Event "15th Reykjavik op"]
[Site "Reykjavik ISL"]
[Date "1992.??.??"]
[Round "6"]
[White "Thorhallsson, Throestur"]
[Black "Plaskett, Harold James"]
[WhiteElo "2445"]
[BlackElo "2455"]
[Result "0-1"]
[EventDate "1992.03.01"]
[PlyCount "72"]

1.e4 c5 2.Nf3 e6 3.d4 cxd4 4.Nxd4 Nc6 5.Nb5 d6 6.c4 Nf6 7.N5c3 Be7 8.Be2 
O-O 9.O-O b6 10.Be3 Bb7 11.Na3 Rc8 12.Qa4 a6 13.Rfd1 Ne5 14.f3 Qc7 15.Qb3 
Ned7 16.Rd2 Rfe8 17.Rad1 d5 18.cxd5 exd5 19.Nxd5 Nxd5 20.exd5 Bd6 21.Kh1 
Nc5 22.Qc3 Qe7 23.Nc4 Nd7 24.Bg1 b5 25.Nxd6 Rxc3 26.Nxe8 Rc8 27.Nc7 Qd6 
28.Ne6 fxe6 29.dxe6 Qxe6 30.Rxd7 Qxe2 31.R1d2 Qe8 32.Rxb7 Rc1 33.Rf2 Qe1 
34.Rb8+ Kf7 35.Rb7+ Ke8 36.Rb8+ Kd7 0-1

[Event "15th Reykjavik op"]
[Site "Reykjavik ISL"]
[Date "1992.??.??"]
[Round "7"]
[White "Hjartarson, Johann"]
[Black "Olafsson, Helgi"]
[WhiteElo "2580"]
[BlackElo "2525"]
[Result "1-0"]
[EventDate "1992.03.01"]
[PlyCount "111"]

1.e4 c5 2.Nc3 d6 3.g3 Nc6 4.Bg2 g6 5.d3 Bg7 6.Be3 b6 7.Qd2 Bb7 8.Nh3 Nf6 
9.Bh6 Bxh6 10.Qxh6 e6 11.O-O-O Qe7 12.Rhe1 O-O-O 13.Qd2 h5 14.f3 h4 15.g4 
Nd4 16.g5 Nh5 17.f4 Kb8 18.Kb1 Qd7 19.Qf2 Ng7 20.Ne2 Nxe2 21.Qxe2 e5 22.
Rf1 Ne6 23.fxe5 dxe5 24.Qf2 Rh7 25.Qf6 Qd6 26.Bf3 Kc7 27.Bg4 Re8 28.Ng1 
Nf4 29.Nf3 Ng2 30.Nd2 Qxf6 31.Rxf6 h3 32.Rdf1 Ne3 33.Rg1 Bc8 34.Bxc8 Kxc8 
35.Rg3 Ng2 36.Nc4 Re7 37.a4 Kd7 38.Rff3 Nh4 39.Rf2 Ng2 40.b3 Rh5 41.Rf6 
Ke8 42.a5 bxa5 43.Rc6 a4 44.bxa4 Nf4 45.Rc8+ Kd7 46.Rxc5 Ne2 47.Rg4 Rh8 
48.c3 Nxc3+ 49.Kc2 Ne2 50.Nxe5+ Ke6 51.Nf3 Rb7 52.Kd2 Rb2+ 53.Ke3 Rhb8 54.
Rh4 R8b3 55.Rxh3 Rc3 56.Nd4+ 1-0

[Event "15th Reykjavik op"]
[Site "Reykjavik ISL"]
[Date "1992.??.??"]
[Round "7"]
[White "Petursson, Margeir"]
[Black "Stefansson, Hannes Hlifar"]
[WhiteElo "2555"]
[BlackElo "2455"]
[Result "0-1"]
[EventDate "1992.03.01"]
[PlyCount "100"]

1.c4 e5 2.Nc3 Nc6 3.g3 f5 4.Bg2 Nf6 5.e3 g6 6.d4 d6 7.Bxc6+ bxc6 8.dxe5 
dxe5 9.Qxd8+ Kxd8 10.b3 Bd6 11.Bb2 Re8 12.Rd1 Bd7 13.f3 Kc8 14.Nh3 Bc5 15.
Ke2 f4 16.Ng5 Bxe3 17.Nce4 Nxe4 18.Nxe4 Bf5 19.Nf6 Re6 20.Nxh7 Bc2 21.Rd2 
Bxd2 22.Kxd2 Bf5 23.g4 Rd6+ 24.Kc1 Bd3 25.Bxe5 Re6 26.Re1 Kb7 27.Nf6 Re7 
28.h4 Rd8 29.Kb2 Bf1 30.Re4 Bd3 31.Re1 Bf1 32.Re4 Rd2+ 33.Kc1 Rxa2 34.Bxf4
Rf7 35.Be5 Rf2 36.Re3 Be2 37.f4 Rg2 38.g5 Bg4 39.Nxg4 Rxg4 40.Rh3 Rh7 41.
Kd2 Rgxh4 42.Rf3 Rh3 43.Ke3 Kc8 44.f5 gxf5 45.Bg3 Rg7 46.Kf4 Rh5 47.Bf2 
Rgxg5 48.Bxa7 Rg4+ 49.Ke5 f4+ 50.Ke4 c5 0-1

[Event "15th Reykjavik op"]
[Site "Reykjavik ISL"]
[Date "1992.??.??"]
[Round "7"]
[White "Plaskett, Harold James"]
[Black "Conquest, Stuart"]
[WhiteElo "2455"]
[BlackElo "2505"]
[Result "0-1"]
[EventDate "1992.03.01"]
[PlyCount "83"]

1.d4 f5 2.Nc3 d5 3.Bg5 c6 4.e3 Be6 5.Bd3 g6 6.h4 Bg7 7.Nf3 Nf6 8.Ne2 Qa5+ 
9.c3 Nbd7 10.b4 Qb6 11.a4 Ne4 12.h5 h6 13.Nf4 Nf8 14.Bxe7 Kxe7 15.a5 Qc7 
16.hxg6 Re8 17.Nh4 Kd8 18.Rc1 Bc8 19.Kf1 Ne6 20.Nh5 Rhf8 21.g3 Qe7 22.Kg2 
Nc7 23.Nf4 Nd6 24.Qc2 Ncb5 25.Qa2 a6 26.Nf3 Kc7 27.Rh5 Kb8 28.Nh4 Ne4 29.
c4 dxc4 30.Bxc4 Nf6 31.Bf7 Qe4+ 32.Kg1 Re7 33.Rc5 Nd6 34.Bb3 Nxh5 35.Nxh5 
Bxd4 36.Bc2 Qg4 37.exd4 Qxh5 38.Re5 Rg7 39.b5 Qg5 40.Qa3 Qf6 41.bxc6 bxc6 
42.Qc5 0-1

[Event "15th Reykjavik op"]
[Site "Reykjavik ISL"]
[Date "1992.??.??"]
[Round "7"]
[White "Thorhallsson, Throestur"]
[Black "Renet, Olivier"]
[WhiteElo "2445"]
[BlackElo "2495"]
[Result "1/2-1/2"]
[EventDate "1992.03.01"]
[PlyCount "72"]

1.e4 d5 2.exd5 Nf6 3.d4 Nxd5 4.Nf3 g6 5.Be2 Bg7 6.O-O O-O 7.c4 Nb6 8.Nc3 
Nc6 9.d5 Ne5 10.Nxe5 Bxe5 11.Be3 e6 12.Bd4 Bxd4 13.Qxd4 exd5 14.cxd5 c6 
15.d6 Be6 16.Bf3 f5 17.Rad1 Qf6 18.Qb4 Rf7 19.Rfe1 Rd8 20.a4 Nc8 21.a5 
Rfd7 22.a6 bxa6 23.Bxc6 Rxd6 24.Rxd6 Rxd6 25.Qc5 Qd8 26.Bf3 Nb6 27.h4 h5 
28.Be2 Bf7 29.Bxa6 Rd2 30.Qe7 Qxe7 31.Rxe7 Rxb2 32.Rxa7 Rb3 33.Rc7 Ra3 34.
Bb7 Ra1+ 35.Kh2 Rc1 36.Kg3 Rc2 1/2-1/2

[Event "15th Reykjavik op"]
[Site "Reykjavik ISL"]
[Date "1992.??.??"]
[Round "7"]
[White "Thorsteins, Karl"]
[Black "Kotronias, Vasilios"]
[WhiteElo "2485"]
[BlackElo "2560"]
[Result "0-1"]
[EventDate "1992.03.01"]
[PlyCount "84"]

1.d4 Nf6 2.c4 e6 3.Nc3 Bb4 4.e3 b6 5.Ne2 Ba6 6.Ng3 Bxc3+ 7.bxc3 d5 8.Ba3 
Bxc4 9.Bxc4 dxc4 10.Qa4+ Qd7 11.Qxc4 Qc6 12.Qxc6+ Nxc6 13.c4 O-O-O 14.Ke2 
Kb7 15.f3 Rd7 16.Rhd1 Rhd8 17.Rac1 a6 18.Nf1 h5 19.Nd2 Ng8 20.Ne4 Nh6 21.
Rb1 Ka7 22.d5 exd5 23.cxd5 Rxd5 24.Rdc1 Kb7 25.Nc5+ Kc8 26.Nxa6 Ra5 27.
Rxc6 Rxa6 28.Rb3 Kb7 29.Rbc3 Rxa3 30.Rxc7+ Kb8 31.Rxa3 Kxc7 32.e4 Kb7 33.
Rb3 Ra8 34.a3 f6 35.Ke3 Nf7 36.Kf4 Ra5 37.h4 Ne5 38.g4 hxg4 39.fxg4 g5+ 
40.Kf5 Nd7+ 41.Ke6 Nc5+ 42.Kxf6 Nxb3 0-1

[Event "15th Reykjavik op"]
[Site "Reykjavik ISL"]
[Date "1992.??.??"]
[Round "8"]
[White "Arnason, Jon"]
[Black "Stefansson, Hannes Hlifar"]
[WhiteElo "2515"]
[BlackElo "2455"]
[Result "1/2-1/2"]
[EventDate "1992.03.01"]
[PlyCount "52"]

1.e4 e5 2.Bc4 Nf6 3.Nc3 Nc6 4.d3 Bb4 5.Bd2 Bxc3 6.Bxc3 d5 7.Bb5 O-O 8.Bxc6
bxc6 9.Qe2 Re8 10.Nf3 Bg4 11.h3 Bxf3 12.Qxf3 Qd6 13.O-O Rab8 14.Rab1 c5 
15.Rfe1 d4 16.Bd2 Qa6 17.a3 c4 18.Rec1 c5 19.dxc4 Qxc4 20.b3 Qe6 21.c4 Qa6
22.Bg5 Nd7 23.b4 cxb4 24.axb4 Rec8 25.Qd3 Rc7 26.Bd2 Rbc8 1/2-1/2

[Event "15th Reykjavik op"]
[Site "Reykjavik ISL"]
[Date "1992.??.??"]
[Round "8"]
[White "Conquest, Stuart"]
[Black "Renet, Olivier"]
[WhiteElo "2505"]
[BlackElo "2495"]
[Result "0-1"]
[EventDate "1992.03.01"]
[PlyCount "74"]

1.e4 c5 2.g3 Nc6 3.Bg2 Nf6 4.Ne2 d5 5.exd5 Nxd5 6.O-O e5 7.Nbc3 Nc7 8.f4 
exf4 9.Nxf4 Be7 10.d3 O-O 11.Be3 Nd4 12.Qd2 Bd7 13.Qf2 Nce6 14.Ncd5 Bd6 
15.Nh5 Kh8 16.Rae1 Rc8 17.Qd2 f5 18.c3 Nc6 19.Ndf4 Nxf4 20.Bxf4 Be8 21.Bg5
Qd7 22.Qd1 Ne5 23.Bd5 Bxh5 24.Qxh5 Nxd3 25.Re6 c4 26.Be3 Be5 27.Qf3 Rfd8 
28.Bg5 Re8 29.Rxe8+ Rxe8 30.Bxc4 Nxb2 31.Bb3 h6 32.Qh5 Kh7 33.Bf7 Rf8 34.
Qg6+ Kh8 35.Be6 Qe8 36.Rxf5 Bf6 37.Bxf6 Qxg6 0-1

[Event "15th Reykjavik op"]
[Site "Reykjavik ISL"]
[Date "1992.??.??"]
[Round "8"]
[White "Kotronias, Vasilios"]
[Black "Hjartarson, Johann"]
[WhiteElo "2560"]
[BlackElo "2580"]
[Result "1/2-1/2"]
[EventDate "1992.03.01"]
[PlyCount "84"]

1.e4 e5 2.Nf3 Nc6 3.Bb5 a6 4.Ba4 Nf6 5.O-O Be7 6.Re1 b5 7.Bb3 d6 8.c3 O-O 
9.h3 Nb8 10.d4 Nbd7 11.Nbd2 Bb7 12.Bc2 Re8 13.Nf1 Bf8 14.Ng3 g6 15.a4 c5 
16.Be3 exd4 17.cxd4 cxd4 18.Bxd4 Ne5 19.Bc3 Qb6 20.axb5 axb5 21.Rxa8 Bxa8 
22.Bb3 Bh6 23.Bd2 Bxd2 24.Qxd2 Nxf3+ 25.gxf3 Nd7 26.h4 Ne5 27.Kg2 Qd8 28.
Qf4 Kh8 29.Rd1 Bb7 30.Qg5 f6 31.Qd2 f5 32.Qg5 Nc4 33.Qxd8 Rxd8 34.Bxc4 
bxc4 35.exf5 gxf5 36.Nxf5 Rf8 37.Nd4 Re8 38.Kg3 Re5 39.Rd2 Rd5 40.f4 Kg8 
41.Nf3 Rb5 42.Nd4 Rd5 1/2-1/2

[Event "15th Reykjavik op"]
[Site "Reykjavik ISL"]
[Date "1992.??.??"]
[Round "8"]
[White "Olafsson, Helgi"]
[Black "Petursson, Margeir"]
[WhiteElo "2525"]
[BlackElo "2555"]
[Result "1/2-1/2"]
[EventDate "1992.03.01"]
[PlyCount "47"]

1.d4 Nf6 2.c4 e6 3.Nc3 Bb4 4.Qc2 O-O 5.a3 Bxc3+ 6.Qxc3 b6 7.Bg5 Bb7 8.f3 
h6 9.Bh4 d5 10.e3 Nbd7 11.cxd5 Nxd5 12.Bxd8 Nxc3 13.Bh4 Nd5 14.Bf2 f5 15.
Bc4 c5 16.Ne2 Rac8 17.Bb5 Bc6 18.Ba6 Rce8 19.Rc1 b5 20.dxc5 e5 21.a4 Nb4 
22.axb5 Nxc5 23.O-O Nbxa6 24.bxc6 1/2-1/2

[Event "15th Reykjavik op"]
[Site "Reykjavik ISL"]
[Date "1992.??.??"]
[Round "8"]
[White "Thorhallsson, Throestur"]
[Black "Thorsteins, Karl"]
[WhiteElo "2445"]
[BlackElo "2485"]
[Result "1/2-1/2"]
[EventDate "1992.03.01"]
[PlyCount "88"]

1.e4 Nf6 2.e5 Nd5 3.d4 d6 4.Nf3 g6 5.Bc4 Nb6 6.Bb3 Bg7 7.Qe2 O-O 8.h3 a5 
9.a4 d5 10.O-O Na6 11.Be3 c6 12.c3 Nc7 13.Nbd2 f5 14.exf6 exf6 15.Ne1 Be6 
16.Nd3 Nc8 17.Nc5 Nd6 18.Nxe6 Nxe6 19.Rae1 Kh8 20.Bc2 f5 21.Nf3 Ne4 22.Bc1
Qc7 23.Qd1 Rae8 24.Ne5 c5 25.f3 cxd4 26.fxe4 dxe4 27.cxd4 Rd8 28.Nf3 exf3 
29.Rxe6 Rxd4 30.Bd3 Qd7 31.Re3 fxg2 32.Kxg2 Rd8 33.Rfe1 f4 34.Rf3 Qc6 35.
Kh2 Qd5 36.b3 Kg8 37.Bb2 Rxd3 38.Rxd3 Qxd3 39.Re8+ Kf7 40.Rxd8 Qg3+ 41.Kh1
Qxh3+ 42.Kg1 Qg3+ 43.Kf1 Qh3+ 44.Kg1 Qg3+ 1/2-1/2

[Event "15th Reykjavik op"]
[Site "Reykjavik ISL"]
[Date "1992.??.??"]
[Round "9"]
[White "Petursson, Margeir"]
[Black "Kotronias, Vasilios"]
[WhiteElo "2555"]
[BlackElo "2560"]
[Result "1-0"]
[EventDate "1992.03.01"]
[PlyCount "105"]

1.c4 Nf6 2.Nc3 g6 3.d4 Bg7 4.e4 d6 5.Be2 O-O 6.Bg5 Na6 7.Qd2 e5 8.d5 c6 9.
f3 cxd5 10.cxd5 Qa5 11.g4 Bd7 12.Nh3 Rfc8 13.Nf2 Nc5 14.Rb1 Qb4 15.Nb5 
Qxd2+ 16.Kxd2 Ne8 17.Rhc1 a6 18.Nc3 Bf6 19.Be3 Na4 20.Nfd1 Bd8 21.b3 Nxc3 
22.Nxc3 f6 23.Na4 Ba5+ 24.Kd1 f5 25.g5 Kf7 26.Nb6 Bxb6 27.Bxb6 Ke7 28.Kd2 
Ng7 29.Rc4 Nh5 30.Rbc1 Nf4 31.Bf1 fxe4 32.fxe4 Rxc4 33.bxc4 Bh3 34.Be3 
Bxf1 35.Rxf1 Rc8 36.Bxf4 exf4 37.Kd3 b5 38.cxb5 axb5 39.Rxf4 Ra8 40.Rh4 
Rxa2 41.Rxh7+ Kd8 42.h4 Rh2 43.Kc3 Ke8 44.Kb4 Rb2+ 45.Ka5 b4 46.Kb5 b3 47.
Kc6 Ra2 48.Rb7 Ra6+ 49.Kc7 Ra4 50.Kxd6 Rxe4 51.Rxb3 Rxh4 52.Rb8+ Kf7 53.
Rb7+ 1-0

[Event "15th Reykjavik op"]
[Site "Reykjavik ISL"]
[Date "1992.??.??"]
[Round "9"]
[White "Plaskett, Harold James"]
[Black "Arnason, Jon"]
[WhiteElo "2455"]
[BlackElo "2515"]
[Result "1/2-1/2"]
[EventDate "1992.03.01"]
[PlyCount "83"]

1.d4 Nf6 2.Nf3 e6 3.e3 b6 4.Bd3 Bb7 5.O-O Be7 6.c4 O-O 7.Nc3 d5 8.Qe2 Ne4 
9.Nd2 Nxd2 10.Bxd2 dxc4 11.Bxc4 c5 12.Rfd1 cxd4 13.exd4 Qxd4 14.Bg5 Qc5 
15.Ne4 Bxe4 16.Qxe4 Nd7 17.Be3 Qc7 18.Bxe6 Nc5 19.Bxf7+ Kxf7 20.Qd5+ Kg6 
21.b4 Rad8 22.Qc4 Rxd1+ 23.Rxd1 Rd8 24.Qc2+ Kf7 25.Rc1 Qe5 26.bxc5 Bxc5 
27.Bxc5 Qxc5 28.Qb3+ Qd5 29.Rc7+ Kf8 30.Qa3+ Kg8 31.h3 a5 32.Qg3 Qd1+ 33.
Kh2 Qd4 34.Rb7 Rf8 35.Qb3+ Kh8 36.Qe3 Qd6+ 37.g3 Qd5 38.Qxb6 Qxa2 39.Rb8 
Kg8 40.Rxf8+ Kxf8 41.Qd8+ Kf7 42.Qc7+ 1/2-1/2

[Event "15th Reykjavik op"]
[Site "Reykjavik ISL"]
[Date "1992.??.??"]
[Round "9"]
[White "Stefansson, Hannes Hlifar"]
[Black "Olafsson, Helgi"]
[WhiteElo "2455"]
[BlackElo "2525"]
[Result "1-0"]
[EventDate "1992.03.01"]
[PlyCount "95"]

1.e4 c5 2.Nf3 d6 3.d4 cxd4 4.Nxd4 Nf6 5.Nc3 a6 6.Be3 e6 7.g4 h6 8.Bg2 Nc6 
9.Nxc6 bxc6 10.e5 Nd5 11.Nxd5 cxd5 12.c4 dxe5 13.cxd5 Bb4+ 14.Kf1 O-O 15.
a3 Bd6 16.dxe6 Bxe6 17.Bxa8 Qxa8 18.Rg1 Rd8 19.Qe2 Rc8 20.Rc1 Rxc1+ 21.
Bxc1 Qc6 22.Qd1 Bc4+ 23.Ke1 e4 24.g5 Bxh2 25.Rg2 Be5 26.gxh6 g6 27.Qc2 Qe6
28.Rg5 Bd4 29.Be3 Bd3 30.Qc7 Bxe3 31.fxe3 Qf6 32.Qe5 Qf1+ 33.Kd2 Qe2+ 34.
Kc3 Qc2+ 35.Kb4 Qc4+ 36.Ka5 Qb5+ 37.Qxb5 axb5 38.a4 bxa4 39.Kxa4 Kh7 40.b4
Kxh6 41.Ra5 g5 42.b5 Bxb5+ 43.Kxb5 Kh5 44.Kc4 Kg4 45.Kd4 f5 46.Rb5 f4 47.
Kxe4 f3 48.Rf5 1-0

[Event "15th Reykjavik op"]
[Site "Reykjavik ISL"]
[Date "1992.??.??"]
[Round "9"]
[White "Thorsteins, Karl"]
[Black "Conquest, Stuart"]
[WhiteElo "2485"]
[BlackElo "2505"]
[Result "1-0"]
[EventDate "1992.03.01"]
[PlyCount "155"]

1.c4 e5 2.Nc3 d6 3.g3 g6 4.Bg2 Bg7 5.e3 Nd7 6.Nge2 h5 7.h4 Nh6 8.d3 a6 9.
b3 Rb8 10.Bb2 Ng4 11.Qd2 O-O 12.O-O Re8 13.d4 Ndf6 14.dxe5 Nxe5 15.Nf4 Bg4
16.f3 Bd7 17.Rac1 Bc6 18.e4 Nfd7 19.Ba1 b6 20.Ncd5 a5 21.Rcd1 Nc5 22.Qf2 
b5 23.Ne3 bxc4 24.bxc4 Qc8 25.Qe2 Qb7 26.Nfd5 Ba4 27.Rd2 Ned7 28.g4 Bxa1 
29.Rxa1 Ne6 30.gxh5 Bc6 31.hxg6 fxg6 32.f4 Bxd5 33.cxd5 Nxf4 34.Qg4 Qb4 
35.Rf2 Qd4 36.Re1 Nd3 37.Qxd7 Nxe1 38.Qf7+ Kh8 39.Qxg6 Qg7 40.Qh5+ Qh7 41.
Qg5 Nd3 42.Nf5 Rf8 43.Rf3 Ne5 44.Rg3 Qf7 45.Kh2 Qg8 46.Qc1 Qh7 47.Rg7 Qh5 
48.Rg5 Rxf5 49.Rxh5+ Rxh5 50.Qxc7 Rxh4+ 51.Kg1 Rb1+ 52.Kf2 Rb2+ 53.Ke3 Rg4
54.Bf3 Rg8 55.Qe7 Rh2 56.Be2 Rh6 57.a4 Rg7 58.Qd8+ Kh7 59.Qxa5 Rg3+ 60.Kd2
Rh2 61.Qc7+ Rg7 62.Qc8 Rgg2 63.Qa6 Kg7 64.Kd1 Rh1+ 65.Kd2 Ra1 66.Kc3 Rc1+ 
67.Kb4 Rb1+ 68.Ka5 Rg6 69.Bb5 Rf6 70.Qc8 Rf7 71.Ka6 Rb4 72.Qc2 Rd4 73.Kb6 
Nf3 74.a5 Kh6 75.a6 Rb4 76.Qc3 Rb1 77.Qh8+ Kg5 78.Qg8+ $138 1-0

[Event "15th Reykjavik op"]
[Site "Reykjavik ISL"]
[Date "1992.??.??"]
[Round "10"]
[White "Conquest, Stuart"]
[Black "Hjartarson, Johann"]
[WhiteElo "2505"]
[BlackElo "2580"]
[Result "0-1"]
[EventDate "1992.03.01"]
[PlyCount "78"]

1.d4 Nf6 2.Nf3 g6 3.c4 Bg7 4.Nc3 O-O 5.Bf4 d6 6.h3 Nbd7 7.e3 c6 $6 ( 7...
e6 8.Be2 Qe7 9.O-O e5 10.Bh2 $14 ) 8.Be2 a6 9.a4 a5 10.O-O Nb8 11.e4 Nfd7 
12.Bg5 ( 12.Qd2 Na6 13.Rfd1 Qe8 $14 {Yap-Knaak,R/Szirak/1985/ (by 
transposition)} ) 12...f6 $1 ( 12...h6 $6 13.Bh4 Re8 14.Qd2 $16 ) 13.Be3 
e5 14.Qb3 $2 ( 14.Qd2 Na6 15.Rfd1 $14 ) 14...exd4 $1 15.Nxd4 Nc5 16.Qa3 $2
( 16.Qc2 Nba6 17.Rad1 Qe7 $10 ) 16...Nba6 17.Rad1 Qe7 ( 17...Nb4 $2 18.
Nxc6 bxc6 19.Bxc5 $18 ) 18.Rfe1 Nb4 19.Bf1 Qf7 20.Bf4 ( 20.Rd2 Re8 $15 ) 
20...Rd8 21.b3 f5 $1 22.e5 ( 22.exf5 Bxf5 $17 ( 22...Bxd4 $2 23.Rxd4 Nc2 
24.Qxc5 $18 ) ) 22...Re8 $1 23.exd6 $2 ( 23.e6 Nxe6 24.Nxe6 Bxe6 25.Qc1 d5
26.cxd5 Nxd5 27.Nxd5 Bxd5 28.Bc4 Bxc4 $17 ) 23...Rxe1 24.Rxe1 Bxd4 $19 25.
Re7 Qf8 ( 25...Qf6 $2 26.Re8+ Kg7 27.Re7+ $10 ) 26.Qc1 Bd7 27.Be3 Bxe3 28.
Qxe3 b6 29.Ne2 Re8 30.Nf4 Rxe7 31.dxe7 Qf7 32.Qe5 Nba6 $1 33.Be2 Be8 34.
Bf3 Nd7 35.Qd6 Qf6 36.Ne6 Qa1+ 37.Bd1 ( 37.Kh2 Qe5+ $19 ) 37...Qe5 $1 38.
c5 ( 38.Qxc6 Qe1+ $19 ) 38...Naxc5 39.Qxc6 Qxe6 0-1

[Event "15th Reykjavik op"]
[Site "Reykjavik ISL"]
[Date "1992.??.??"]
[Round "10"]
[White "Kotronias, Vasilios"]
[Black "Stefansson, Hannes Hlifar"]
[WhiteElo "2560"]
[BlackElo "2455"]
[Result "1/2-1/2"]
[EventDate "1992.03.01"]
[PlyCount "62"]

1.e4 e5 2.Nf3 Nc6 3.Bb5 a6 4.Ba4 Nf6 5.O-O Nxe4 6.d4 b5 7.Bb3 d5 8.dxe5 
Be6 9.Be3 Be7 10.c3 Qd7 11.Nbd2 Rd8 12.Re1 Nxd2 13.Qxd2 O-O 14.Rad1 Na5 
15.Bc2 Bf5 16.Nd4 Bg6 17.Bxg6 fxg6 18.e6 Qd6 19.Bg5 c5 20.Nf3 Nc6 21.h4 
Rf5 22.Bxe7 Qxe7 23.Qe3 h6 24.b4 cxb4 25.cxb4 Rd6 26.Kf1 Rf6 27.Qc5 Rdxe6 
28.Rxe6 Qxe6 29.a3 Rf5 30.Rc1 Rf6 31.Rd1 Rf5 1/2-1/2

[Event "15th Reykjavik op"]
[Site "Reykjavik ISL"]
[Date "1992.??.??"]
[Round "10"]
[White "Plaskett, Harold James"]
[Black "Renet, Olivier"]
[WhiteElo "2455"]
[BlackElo "2495"]
[Result "1/2-1/2"]
[EventDate "1992.03.01"]
[PlyCount "111"]

1.c4 g6 2.Nc3 Bg7 3.d4 Nf6 4.e4 d6 5.f3 O-O 6.Bg5 c5 7.d5 h6 8.Be3 e6 9.
Qd2 exd5 10.cxd5 Re8 11.Nge2 h5 12.Nc1 Nbd7 13.Be2 Nf8 14.O-O N6h7 15.Nd3 
f5 16.Kh1 g5 17.g3 Ng6 18.Rae1 Rf8 19.exf5 Bxf5 20.Nf2 Ne5 21.g4 Bg6 22.
Nfe4 hxg4 23.fxg4 Nf6 24.Nxg5 Nfxg4 25.Rg1 Nxe3 26.Qxe3 Bh6 27.Rg3 Rf5 28.
Nce4 Qe7 29.Qg1 Bxg5 30.Nxg5 Raf8 31.Ne6 R8f6 32.Bg4 Nxg4 33.Rxg4 Qh7 34.
Qg3 Qh5 35.Rg1 Rf1 36.Rxf1 Rxf1+ 37.Kg2 Rf6 38.Ng5 Kf8 39.h3 Bf5 40.Ne6+ 
Bxe6 41.dxe6 Qd5+ 42.Kg1 Qd1+ 43.Kh2 Qe2+ 44.Qg2 Qxg2+ 45.Kxg2 Rxe6 46.Kf3
Rf6+ 47.Ke3 Kf7 48.h4 Rg6 49.Rxg6 Kxg6 50.Ke4 b5 51.Kd5 c4 52.a3 a5 53.Kd4
Kh5 54.a4 bxa4 55.Kxc4 Kxh4 56.Kd5 1/2-1/2

[Event "15th Reykjavik op"]
[Site "Reykjavik ISL"]
[Date "1992.??.??"]
[Round "10"]
[White "Sirovs, Aleksejs"]
[Black "Thorsteins, Karl"]
[WhiteElo "2655"]
[BlackElo "2485"]
[Result "1/2-1/2"]
[EventDate "1992.03.01"]
[PlyCount "51"]

1.d4 {Hertneck} 1...d5 2.c4 c6 3.Nc3 Nf6 4.Nf3 dxc4 5.a4 Bf5 6.Ne5 e6 7.f3
c5 8.e4 cxd4 9.exf5 ( 9.Bxc4 $5 {Hertneck} 9...Qd6 $6 10.Bb5+ Nbd7 11.Nc4 
$1 Qc5 12.b4 $1 $16 {Khalifman,A-Salov,V, Wijk 1991, 51/387} ) 9...Nc6 10.
Nxc6 bxc6 11.fxe6 fxe6 12.Bxc4 dxc3 13.Qe2 ( 13.bxc3 {Hertneck} 13...Qa5 
14.Bd2 ) 13...cxb2 14.Qxe6+ Qe7 15.Bxb2 Qxe6+ 16.Bxe6 Bb4+ 17.Ke2 ( 17.Kf2
Ke7 18.Ba2 Rhd8 19.Rhd1 Rab8 20.Be5 Bc5+ 21.Kf1 Rxd1+ 22.Rxd1 Rb4 23.Rb1 
Rxa4 24.Rb7+ $10 {Kishnev,S-Petursson,M/Bern op/1992/ iCBM 28} ) 17...
Ke7 18.Ba2 ( 18.Bc4 Nd5 {0,5/De Boer,G-Ninov,K/Groningen op/1988/} ) 18...
Rhd8 19.Rhd1 Nd5 20.Bxd5 ( 20.Bxg7 Rg8 ) 20...Rxd5 21.Rxd5 cxd5 22.Kd3 g6 
23.Bd4 Bd6 24.h4 a6 25.h5 Rb8 26.hxg6 {Ftacnik,L} 1/2-1/2

[Event "15th Reykjavik op"]
[Site "Reykjavik ISL"]
[Date "1992.??.??"]
[Round "10"]
[White "Thorhallsson, Throestur"]
[Black "Petursson, Margeir"]
[WhiteElo "2445"]
[BlackElo "2555"]
[Result "1/2-1/2"]
[EventDate "1992.03.01"]
[PlyCount "81"]

1.e4 g6 2.d4 Bg7 3.Nc3 c6 4.Nf3 d6 5.Be3 Nf6 6.Qd2 b5 7.Bd3 O-O 8.h3 Nbd7 
9.e5 b4 10.Ne2 Nd5 11.Bh6 dxe5 12.dxe5 Qc7 13.e6 fxe6 14.Bxg7 Kxg7 15.h4 
Ne5 16.h5 Nf4 17.hxg6 hxg6 18.Nxe5 Qxe5 19.O-O-O Nxe2+ 20.Bxe2 Qf4 21.Qxf4
Rxf4 22.Bf3 Rf6 23.Bxc6 Rb8 24.f3 Rb6 25.Be4 Rd6 26.Bd3 e5 27.Rhe1 Rd5 28.
Re4 Rf4 29.Rde1 Rxe4 30.Rxe4 a5 31.Re3 Kf6 32.Be4 Rc5 33.a3 Bf5 34.axb4 
axb4 35.Kd2 Kg5 36.g3 Rc4 37.Bxf5 Kxf5 38.Kd3 Rd4+ 39.Ke2 Rc4 40.Kd2 g5 
41.b3 1/2-1/2